000
00319nam a22001337a 4500
008
250424b |||||||| |||| 00| 0 eng d
020
_a
0333423739
050
_a
HD6135
_b
.D49
100
_a
ALICE Dex
245
_a
Women's Occupation Mobility
260
_a
Britain
_b
Hong Kong
_c
1987
300
_a
xii, 157p.
942
_c
BK
999
_c
3145
_d
3145